000 01090cam a2200241 i 4500
001 000018330
005 20200929165447.0
008 791206s1978 sp b 100 0 spa
020 _a8472321533
_cobra completa
020 _a8472321568
040 _aDO-SdBNP
_cDLC
_dDLC
_dBNPHU
082 _a809
_bD294c
111 2 _aCongreso Internacional de Literatura Iberoamericana
_n(17o :
_d1975 :
_cMadrid, España)
_939705
245 1 0 _aXVII [Decimoseptimo] Congreso del Instituto Internacional de Literatura Iberoamericana :
_bsesión de Madrid.
260 _aMadrid :
_bEdiciones Cultura Hispánica del Centro Iberoamericano de Cooperación,
_c1978.
300 _a3 v. ;
_c24 cm.
504 _aIncluye referencias bibliográficas y notas al pie de las páginas.
505 0 _at.1. El barroco en America.--t. 2. Literatura hispanoamericana.--t. 3. Critica historico-literaria hispanoamericana.
650 0 _aLiteratura española
_xHistoria y crítica
_xCongresos
_939706
710 2 _aCentro Iberoamericano de Cooperacion.
_939707
910 _aCatalogación por derivada / LC
049 _aBNGR
999 _c17851
_d17851